000 00818nam a2200241Ia 4500
003 OSt
005 20220927104552.0
006 a|||||r|||| 00| 0
007 ta
008 220926b |||||||| |||| 00| 0 eng d
024 _a150350
037 _cReference Collections
040 _aRTL
_cRTL
_beng
041 _2eng
_aeng
082 _a"X9(F):51.1.N70<-N75, L8.1/UN"
110 _a"UNITED NATIONS, ECONOMIC COMMISSION FOR EUROPE."
245 0 _aMarkets trends for chemical products 1970-1975 and prospects for 1980 V1
260 _aNew
_bYork United Nations Publications USA
_c1980
300 _a225p.
_ccm.
700 _a"UNITED NATIONS, ECONOMIC COMMISSION FOR EUROPE."
942 _h"X9(F):51.1.N70<-N75, L8.1/UN"
_cCC
999 _c688017
_d688017